LDR 00845naa#a2200181#i#450# 001 RU\\bibl\121495 005 20260514113039.4 011 ## _a1994-4683 100 ## _a20230531b2023####ek#y0rusy0150####ca 102 ## _aRU 200 1# _aЭМПАТИЯ - ВОЗМОЖНОСТИ ЕЕ РАЗВИТИЯ ПОСРЕДСТВОМ УЧЕБНО-ТРЕНИРОВОЧНОЙ ДЕЯТЕЛЬНОСТИ? _eЖурнальная статья 210 1# _aМосква _cНациональный государственный Университет физической культуры, спорта и здоровья им. П.Ф. Лесгафта _d2023 215 ## _a4 с. 608 ## _aЖурнальная статья _2local 675 ## _aПсихология. 159.9 _z 700 #1 _aРозенфельд _gА С 700 #1 _aЕвсеев _gА В 856 4# _auchzapiski.lesgaft.spb.ru _u